Correctional administration: (Record no. 1927)
[ view plain ]
| 000 -LEADER | |
|---|---|
| fixed length control field | 00634nam a22001817a 4500 |
| 008 - FIXED-LENGTH DATA ELEMENTS--GENERAL INFORMATION | |
| fixed length control field | 160421b xxu||||| |||| 00| 0 eng d |
| 020 ## - INTERNATIONAL STANDARD BOOK NUMBER | |
| International Standard Book Number | 9789719365549 |
| 082 ## - DEWEY DECIMAL CLASSIFICATION NUMBER | |
| Edition number | 2007 |
| Classification number | DFil 364.68 |
| Item number | F76c |
| 100 ## - MAIN ENTRY--PERSONAL NAME | |
| 9 (RLIN) | 6157 |
| Personal name | Foronda, Mercedes A. |
| 245 ## - TITLE STATEMENT | |
| Title | Correctional administration: |
| Remainder of title | non-institutional corrections/ |
| Statement of responsibility, etc. | Mercedes A. Foronda |
| 260 ## - PUBLICATION, DISTRIBUTION, ETC. (IMPRINT) | |
| Place of publication, distribution, etc. | Quezon City: |
| Name of publisher, distributor, etc. | Wiseman's Books Trading, |
| Date of publication, distribution, etc. | c2007. |
| 300 ## - PHYSICAL DESCRIPTION | |
| Extent | 275 pages: |
| Dimensions | 24.5 cm. |
| 650 #0 - SUBJECT ADDED ENTRY--TOPICAL TERM | |
| 9 (RLIN) | 6158 |
| Topical term or geographic name as entry element | Corrections |
| General subdivision | Administration |
| 650 #0 - SUBJECT ADDED ENTRY--TOPICAL TERM | |
| 9 (RLIN) | 6159 |
| Topical term or geographic name as entry element | Non-institutional corrections |
| General subdivision | Administration |
| 650 #0 - SUBJECT ADDED ENTRY--TOPICAL TERM | |
| 9 (RLIN) | 6160 |
| Topical term or geographic name as entry element | Prison administration |
| 365 ## - TRADE PRICE | |
| Price amount | 832.50 |
| Currency code | Php. |
| 942 ## - ADDED ENTRY ELEMENTS (KOHA) | |
| Source of classification or shelving scheme | Dewey Decimal Classification |
| Koha item type | Filipiniana |
| Withdrawn status | Lost status | Source of classification or shelving scheme | Damaged status | Not for loan | Collection code | Home library | Current library | Date acquired | Source of acquisition | Total Checkouts | Full call number | Barcode | Date last seen | Copy number | Cost, replacement price | Price effective from | Koha item type | Date last checked out |
|---|---|---|---|---|---|---|---|---|---|---|---|---|---|---|---|---|---|---|
| Dewey Decimal Classification | Filipiniana | UM Digos College - LIC | UM Digos College - LIC | 09/24/2010 | Purchased | DFil 364.68 F76c 2007 | 21036 | 05/15/2025 | 2 | 832.00 | 04/21/2016 | Filipiniana | ||||||
| Dewey Decimal Classification | Filipiniana | UM Digos College - LIC | UM Digos College - LIC | 09/18/2009 | Purchased | 1 | DFil 364.68 F76c 2007 | 20511 | 05/15/2025 | 1 | 832.00 | 04/21/2016 | Filipiniana | 02/28/2018 |
